[Event "Blumenau STD op"]
[Site "Blumenau"]
[Date "2018.09.29"]
[Round "4"]
[White "Niehues, Luiz Cesar"]
[Black "Da Silva, Matheus Augusto Bra"]
[Result "1-0"]
[WhiteElo "1576"]
[BlackElo "1728"]
[PlyCount "53"]
[EventDate "2018.09.28"]
[EventType "swiss"]
[EventRounds "6"]
[EventCountry "BRA"]
[SourceTitle "EXT 2020"]
[Source "ChessBase"]
[SourceDate "2019.10.17"]
[SourceVersion "1"]
[SourceVersionDate "2019.10.17"]
[SourceQuality "1"]

1. d4 d5 2. c4 Nf6 3. Nc3 dxc4 4. e4 Nc6 5. d5 Ne5 6. f4 Ned7 7. Bxc4 Nb6 8. Bb3 e6 9. Nf3 Bb4 10. 0-0 Bc5+ 11. Kh1 c6 12. dxe6 Bxe6 13. Bxe6 fxe6 14. Qc2 Qc7 15. e5 Nfd5 16. Ng5 Be3 17. Nxe6 Qe7 18. Nxd5 Nxd5 19. Ng5 Bxf4 20. Bxf4 Nxf4 21. Rxf4 Qxg5 22. Qd2 Rf8 23. Rxf8+ Kxf8 24. Qxg5 Kf7 25. Rd1 h6 26. Rd7+ Kg8 27. Qxg7# 1-0